|
|
|
|
| LEADER |
00664nab a2200193 i 4500 |
| 001 |
acta33220 |
| 005 |
20231009103219.0 |
| 008 |
161017s1934 hu o 0|| hun d |
| 040 |
|
|
|a SZTE Egyetemi Kiadványok Repozitórium
|b hun
|
| 041 |
|
|
|a hun
|
| 100 |
1 |
|
|a Kendoff Károly
|
| 245 |
1 |
0 |
|a Rajzolás a földrajzoktatásban
|h [elektronikus dokumentum] /
|c Kendoff Károly
|
| 260 |
|
|
|c 1934
|
| 300 |
|
|
|a 84-95
|
| 490 |
0 |
|
|a A cselekvés iskolája
|v 1-2
|
| 650 |
|
4 |
|a Társadalomtudományok
|
| 650 |
|
4 |
|a Oktatástudomány
|
| 695 |
|
|
|a Földrajz tanítása módszer, Kartográfia
|
| 856 |
4 |
0 |
|u http://acta.bibl.u-szeged.hu/33220/1/cselekves_001_002_084-095.pdf
|z Dokumentum-elérés
|